醫療事故關懷實務 : (Record no. 7185)
[ view plain ]
| 000 -記錄標示(系統產生) | |
|---|---|
| fixed length control field | 00789cam a2200253 i 4500 |
| 020 ## - ISBN | |
| ISBN | 9789868302822 |
| 245 00 - 書籍基本資料 | |
| 書名 | 醫療事故關懷實務 : |
| 副標題 | 案例解析 / |
| 作者名稱 | 王志嘉, 黃鈺媖主編 |
| 260 ## - 書籍出版資料 | |
| 出版地 | 臺北市 |
| 出版者 | 藥害救濟基金會 |
| 出版年 | 2020 |
| 300 ## - 外觀規格(長、寬、高) | |
| 數量(面數, 冊數或其他) | 47面 ; |
| 高廣尺寸 | 26公分 |
| 942 ## - 其他項目(KOHA) | |
| 分類法來源 | 中文圖書分類法 |
| 館藏類型設定 | 一般圖書 |
| 撤銷狀態 | 遺失狀態 | 分類號來源 | 損壞狀態 | 不外借 | 永久館藏地 | 現在館藏地 | 採購日期 | 所有借閱數 | 完整索書號 | 條碼號 | 最後一次日期記錄 | 最後借出日期 | 一般價格有效日期 | Koha館藏類型 |
|---|---|---|---|---|---|---|---|---|---|---|---|---|---|---|
| 未註銷館藏 | 未遺失 | 中文圖書分類法 | 未損毀 | 可外借 | 怡仁綜合醫院圖書館 | 怡仁綜合醫院圖書館 | 2021-01-11 | 2 | 410 | C02771 | 2024-04-25 | 2024-04-19 | 2021-01-11 | 一般圖書 |